000 00327nam a2200133Ia 4500
005 20260328101456.0
008 260328s9999||||xx |||||||||||||| ||und||
100 _aBoisset, Jean-Francois
245 0 _aEl Renacimiento Italiano /
_cJean-Francois Boisset
260 _bPaidós
300 _a63 p.
650 _aARTE
942 _cBK
999 _c8833
_d8833